| 000 | 00779nam a22002297a 4500 | ||
|---|---|---|---|
| 005 | 20180803170126.0 | ||
| 008 | 150505b2008 ec ||||| |||| 00| 0 spa d | ||
| 040 |
_aCO-BoIAVH _cCO-BoIAVH |
||
| 041 | _aspa | ||
| 044 | _aec | ||
| 082 | 0 | 4 |
_a577.38 _bP71p |
| 245 | 0 | 0 | _aLos páramos en la mancomunidad del frente sur occidental de Tungurahua. |
| 246 | _aLos páramos en la mancomunidad del frente sur occidental | ||
| 260 | 3 |
_aQuito : _bPlan Tel PPA, _c2008. |
|
| 300 |
_a34 p. : _c21 cm. |
||
| 490 | _aHacia una metodología de planificación territorial en el Ecuador | ||
| 650 | 6 |
_aPáramos. _z Ecuador _935473 |
|
| 650 |
_aEcosistemas _992256 |
||
| 650 |
_aProyecto Páramo Andino _964890 |
||
| 651 |
_aEcuador _zProvincia de Tungurahua _935476 |
||
| 942 |
_2ddc _cFolleto |
||
| 999 |
_c17444 _d17444 |
||